00000000nam 2200000za 4500
0019.643897
003CaOODSP
00520240624082233
007cr |||||||||||
008150407|1959||||xxc|||||o    f|0| 0 fre d
040 |aCaOODSP|bfre
043 |an-cn---
0861 |aCP32-108/1959F-PDF
0861 |aZ1-1957/3-2F-PDF
24500|aCommission royale d'enquête sur l'énergie - deuxième rapport |h[ressource électronique] / |c[Henry Borden, président ; J-Louis Lévesque, George Edwin Britnell, Robert d. Howland, Leon J. Ladner, et R. Macdonald Hardy, commissaires].
260 |aOttawa : |bBureau du Conseil privé |c1959.
300 |a41, 73 p. : |bgraphiques
500 |aPublication historique numérisée en 2009 par le Bureau du Conseil privé du Canada.
590 |a15-04-Supp|b2015-03-19
69107|aCommission d'enquête|2gcpds
69107|aÉnergie|2gcpds
7101 |aCanada. |bBureau du Conseil privé.
77508|tRoyal Commission on Energy - second report |w(CaOODSP)9.699916
85640|ahttp://publications.gc.ca|qPDF|s5.52 Mo|uhttps://publications.gc.ca/collections/collection_2014/bcp-pco/CP32-108-1959-1-fra.pdf
85640|ahttp://publications.gc.ca|qPDF|s9.46 Mo|uhttps://publications.gc.ca/collections/collection_2014/bcp-pco/CP32-108-1959-2-fra.pdf